• 首页
  • 本馆介绍
  • 公告通知
  • 最新文献
  • 馆藏检索
  • 电子资源
  • 读者导购
  • 参考咨询
  • 我的图书馆
  • 登录
  • 详细信息显示
  • 放入我的书架
  • 预约/预借图书
  • 作者相关作品
  • 分类相关作品
  • 丛书相关作品
  • 出版社相关作品

书目信息

  • 表格格式
  • 工作单格式
  • 卡片格式
题名:
基层党务工作实用手册
    
 
作者: 《基层党务工作实用手册》编写组 编著
分册:  
出版信息: 北京   党建读物出版社  2017.07
页数: 585页
开本: 20cm
丛书名:
单 册:
中图分类: D267-62
科图分类:
主题词: 中国共产党
电子资源:
ISBN: 7-5099-0918-X
000 00738nam0 2200193 450
001 2556375245
005 20260409165237.07
010    @a7-5099-0918-X@dCNY56.00
100    @a20251216d2017 km y0chiy0120 ea
101 0  @achi
102    @aCN@b110000
200 1  @a基层党务工作实用手册@AJi Ceng Dang Wu Gong Zuo Shi Yong Shou Ce@f《基层党务工作实用手册》编写组编著@F《Ji Ceng Dang Wu Gong Zuo Shi Yong Shou Ce》Bian Xie Zu Bian Zhu
210    @a北京@c党建读物出版社@d2017.07
215    @a585页@d20cm
606 0  @a中国共产党
690    @aD267-62@v4
701  0 @a《基层党务工作实用手册》编写组@A《Ji Ceng Dang Wu Gong Zuo Shi Yong Shou Ce》Bian Xie Zu@4编著
801  0 @aCN@b大连网信软件有限公司图书馆·11@c20260409
905    @aZUCC@dD267-62@e2279
    
    基层党务工作实用手册/《基层党务工作实用手册》编写组编著.-北京:党建读物出版社,2017.07
    585页;20cm
    
    
    ISBN 7-5099-0918-X:CNY56.00
    
●
相关链接 在E读中查询图书 在五车中查询图书 在当当中查询图书 在豆瓣中查询图书


正题名:基层党务工作实用手册     索取号:D267-62/2279         预约/预借

序号 登录号 条形码 馆藏地/架位号 状态 备注
1 1442003   214420036   第一样本阅览室/ [索取号:D267-62/2279] 在馆    
2 1442503   214425031   第一借阅区/ [索取号:D267-62/2279] 在馆    
唐山师范学院图书馆 欢迎您!
大连网信软件有限公司© 版权所有